Sintonización de un control de temperatura usando un predictor de Smith. Puesta a punto de los sistemas de control de caudal y velocidad utilizando estrategias clásicas
সংরক্ষণ করুন:
| প্রধান লেখক: | |
|---|---|
| বিন্যাস: | গ্রন্থ |
| প্রকাশিত: |
San José, C.R.
2000
|
| বিষয়গুলি: | |
| ট্যাগগুলো: |
ট্যাগ যুক্ত করুন
কোনো ট্যাগ নেই, প্রথমজন হিসাবে ট্যাগ করুন!
|
MARC
| LEADER | 00000nam a2200000Ia 4500 | ||
|---|---|---|---|
| 001 | 4107 | ||
| 003 | 010101 | ||
| 005 | 20221231144211.0 | ||
| 008 | 140114s2000 cr a m 000 ||s d | ||
| 040 | |c cru CEDI | ||
| 100 | |a Barquero Arce, César |9 8362 | ||
| 245 | |a Sintonización de un control de temperatura usando un predictor de Smith. Puesta a punto de los sistemas de control de caudal y velocidad utilizando estrategias clásicas | ||
| 260 | |c 2000 |a San José, C.R. | ||
| 300 | |a 39 hojas : ilustraciones | ||
| 500 | |a Proyecto de graduación (bachillerato en ingeniería eléctrica)--Universidad de Costa Rica. Facultad de Ingeniería. Escuela de Ingeniería Eléctrica | ||
| 650 | |x CONTROL DE PROCESOS |x CIRCUITOS ELECTRONICOS |x REGULADORES ELECTRICOS |x CONTROL AUTOMATICO |9 8363 | ||
| 942 | |c TFG | ||
| 999 | |c 18358 |d 18358 | ||
